|
|
|
|
| LEADER |
00640nam a22001697a 4500 |
| 001 |
c000105947 |
| 003 |
CARM |
| 005 |
00000000000000.0 |
| 008 |
990118q194u1949enk 00001 eng d |
| 040 |
|
|
|a VLINC
|c VLINC
|
| 100 |
1 |
|
|a Carstairs, John Paddy.
|
| 245 |
1 |
0 |
|a Love and Ella Rafferty :
|b a novel /
|c by John Paddy Carstairs.
|
| 260 |
|
|
|a London :
|a Melbourne :
|b Hurst & Blackett,
|c [194-?]
|
| 300 |
|
|
|a 208 p.
|
| 852 |
8 |
|
|b CARM
|h A2:AI11G0
|i A02151
|p 0153074
|f BK
|
| 999 |
f |
f |
|i 2305e6fc-3902-5005-bbae-02adefe4db41
|s 635a578a-8c49-53ce-89aa-59a3f3101ec9
|
| 952 |
f |
f |
|p Can circulate
|a CAVAL
|b CAVAL
|c CAVAL
|d CARM 1 Store
|e A02151
|f A2:AI11G0
|h Other scheme
|i book
|m 0153074
|